书目信息 |
| 题名: |
海上风电桩基承载性能宏细观机制
|
|
| 作者: | 刘俊伟 , 韩勃 , 崔亮 , 冯凌云 著 | |
| 分册: | ||
| 出版信息: | 北京 中国建筑工业出版社 2022.02 |
|
| 页数: | 191页 | |
| 开本: | 26cm | |
| 丛书名: | ||
| 单 册: | ||
| 中图分类: | TU753.6 | |
| 科图分类: | ||
| 主题词: | 海上--hai shang--风力发电机--发电机组--桩基础--桩承载力--研究 | |
| 电子资源: | ||
| ISBN: | 978-7-112-26820-7 | |
| 000 | 01241nam0 2200277 450 | |
| 001 | 26541 | |
| 005 | 20220920130929.18 | |
| 010 | @a978-7-112-26820-7@dCNY58.00 | |
| 100 | @a20220412d2022 em y0chiy50 ea | |
| 101 | 0 | @achi |
| 102 | @aCN@b110000 | |
| 105 | @aa a 000yy | |
| 200 | 1 | @a海上风电桩基承载性能宏细观机制@Ahai shang feng dian zhuang ji cheng zai xing neng hong xi guan ji zhi@f刘俊伟 ... [等] 著 |
| 210 | @a北京@c中国建筑工业出版社@d2022.02 | |
| 215 | @a191页@c图@d26cm | |
| 304 | @a题名页题其余责任者: 韩勃, 崔亮, 冯凌云 | |
| 320 | @a有书目 | |
| 330 | @a本书是在总结作者及其研究团队多年来在海上风电桩基础研究方面取得的研究成果基础上编写而成。全书共由6章构成, 其中一部分为海上风电桩基承载特性研究现状, 二部分为循环荷载下典型海洋土的力学特性, 三部分为近海风电开口管桩的贯入特性, 四部分为近海风电单桩基础的承载特性, 五部分为桩-土界面的循环剪切特性, 六部分为砂土地基中风电导管架群桩基础的承载特性。 | |
| 606 | 0 | @a海上@Ahai shang@x风力发电机@x发电机组@x桩基础@x桩承载力@x研究 |
| 690 | @aTU753.6@v5 | |
| 701 | 0 | @a刘俊伟@Aliu jun wei@4著 |
| 701 | 0 | @a韩勃@Ahan bo@4著 |
| 701 | 0 | @a崔亮@Acui liang@4著 |
| 701 | 0 | @a冯凌云@Afeng ling yun@4著 |
| 801 | 0 | @aCN@c20220910 |
| 905 | @a河南城建学院图书馆@dTU753.6@eL630@f2 | |
| 海上风电桩基承载性能宏细观机制/刘俊伟 ... [等] 著.-北京:中国建筑工业出版社,2022.02 |
| 191页:图;26cm |
| ISBN 978-7-112-26820-7:CNY58.00 |
| 本书是在总结作者及其研究团队多年来在海上风电桩基础研究方面取得的研究成果基础上编写而成。全书共由6章构成, 其中一部分为海上风电桩基承载特性研究现状, 二部分为循环荷载下典型海洋土的力学特性, 三部分为近海风电开口管桩的贯入特性, 四部分为近海风电单桩基础的承载特性, 五部分为桩-土界面的循环剪切特性, 六部分为砂土地基中风电导管架群桩基础的承载特性。 |
| ● |
| 相关链接 |
|
|
|
正题名:海上风电桩基承载性能宏细观机制
索取号:TU753.6/L630
 
预约/预借
| 序号 | 登录号 | 条形码 | 馆藏地/架位号 | 状态 | 备注 |
| 1 | 1577743 | 215777434 | 建筑库201/201建筑库 41排7列5层/ [索取号:TU753.6/L630] | 在馆 | |
| 2 | 1577744 | 215777443 | 建筑库201/201建筑库 41排7列5层/ [索取号:TU753.6/L630] | 在馆 |